Elogio fúnebre que en las solemnes exequias decretadas por S.M. en sufragio de los valientes del Ejército, guarnición de Bilbao y milicia nacional que han perecido en su último y glorioso sitio : (Record no. 163922)

MARC details
000 -LEADER
campo de control de longitud fija 00921nam a2200169 i 4500
001 - NÚMERO DE CONTROL
campo de control 163922
003 - IDENTIFICADOR DE NÚMERO DE CONTROL
campo de control ES-MaACL
005 - FECHA Y HORA DE LA ÚLTIMA TRANSACCIÓN
campo de control 20230906212834.0
008 - DATOS DE LONGITUD FIJA--INFORMACIÓN GENERAL
campo de control de longitud fija 050722s1837 sp | |||||||| ||spa d
080 ## - NÚMERO DE LA CLASIFICACIÓN DECIMAL UNIVERSAL
Número de la Clasificación Decimal Universal 94(460.152 B.)"1835/36"
100 1# - ENTRADA PRINCIPAL--NOMBRE DE PERSONA
Nombre de persona Romea, Policarpo.
9 (RLIN) 132026
245 10 - MENCIÓN DEL TÍTULO
Título Elogio fúnebre que en las solemnes exequias decretadas por S.M. en sufragio de los valientes del Ejército, guarnición de Bilbao y milicia nacional que han perecido en su último y glorioso sitio :
Resto del título celebradas por... Ayuntamiento de Zaragoza en la... Iglesia Metropolitana de Ntra. Sra. del Pilar... /
Mención de responsabilidad, etc. pronunció el día 5 de febrero de 1837 Policarpo Romea...
260 ## - PUBLICACIÓN, DISTRIBUCIÓN, ETC.
Lugar de publicación, distribución, etc. Zaragoza :
Nombre del editor, distribuidor, etc. [s.n.],
Fecha de publicación, distribución, etc. 1837 (
Fabricante Imp. de Polo y Monge, Hermanos)
300 ## - DESCRIPCIÓN FÍSICA
Extensión 10 p. ;
Dimensiones 18 cm.
651 #4 - PUNTO DE ACCESO ADICIONAL DE MATERIA--NOMBRE GEOGRÁFICO
Nombre geográfico Bilbao-
Subdivisión general Historia-
Subdivisión cronológica 1835-1836, Sitio.
9 (RLIN) 169521
852 4# - LOCALIZACIÓN
Ubicación ES-MaACL
Número de control de estantería T-20-F-2
Nota libre - Enc. hol., falto de cub. original
-- - Enc. en un vol. facticio
Holdings
Estatus retirado Estado de pérdida Estado de daño No para préstamo Colección Biblioteca de origen Biblioteca actual Ubicación en estantería Fecha de adquisición Total de préstamos Signatura topográfica completa Código de barras Visto por última vez Precio de reemplazo Tipo de ítem Koha
        Colección de folletos Biblioteca del Ateneo de Madrid Biblioteca del Ateneo de Madrid Depósito folletos 17/01/2008   T-20-F-2 1171795 23/02/2023 23/02/2023 Folleto